Konkurencieschopnosť produktov finančných inštitúcií na slovenskom trhu v kontexte podmienok Európskej únie

Enregistré dans:
Détails bibliographiques
Auteur principal: Šoltésová, Tatiana, 1975-
Format: Chapitre de livre
Langue:slovaque
Tags: Ajouter un tag
Pas de tags, Soyez le premier à ajouter un tag!

MARC

LEADER 00000nla$a2200000$$$4500
001 0115685
005 20240502072305.0
041 0 |a slo 
044 |a SK 
245 1 0 |a Konkurencieschopnosť produktov finančných inštitúcií na slovenskom trhu v kontexte podmienok Európskej únie  |c Tatiana Šoltésová 
100 1 |a Šoltésová, Tatiana, 1975-